LEADER 01018nam a2200241 i 4500 001 000000047147 003 CaOOAMICUS 005 20120229000000.0 008 120229s1970 it u000 u ita u 013 $a18317 040 $aSeMil$bita 100 1 $aColson, Jean,$d<1913-2006>.$0(OLS)http://semarc/name/16410 240 10$aPrêtre et peuple sacerdotal.$0(OLS)http://semarc/title/70891 245 10$aSacerdoti e popolo sacerdotale /$cJean Colson. 260 $aBologna :$bEdizioni Dehoniane,$cstampa 1970. 300 $a151 p. ;$c22 cm. 490 0 $aLa spiritualità sacerdotale ;$v10 650 4$aSacerdozio - Spiritualità.$0(OLS)http://semarc/subject/2395 830 3$aLa spiritualità sacerdotale ;$v10.$0(OLS)http://semarc/title/6599 850 $aSeMil 852 $aSeMil$W1$xVenegono$y1$m2C III 212 =$j13302$B13302$CSeMilBibl$Z2$F13302 $81 996 $6245$aSacerdoti e popolo sacerdotale$9(OLS)http://semarc/title/70890 996 $6260$aBologna :$bEdizioni Dehoniane$9(OLS)http://semarc/publisher/30927 LEADER 00977nam a2200205 i 4500 001 000000198340 003 CaOOAMICUS 005 20110301000000.0 008 110301s1954 it u000 u ita u 013 $a177028 040 $aSeMil$bita 245 10$aOrdinamento costituzionale dello stato italiano ; Organi legislativi e governativi ; Loro funzioni ; La corte costituzionale. 250 $a14. edizione rinnovata e aggiornata. 300 $aXV, P. 284-608. 650 4$aDiritto pubblico.$0(OLS)http://semarc/subject/847 700 1 $aRanelletti, Oreste.$0(OLS)http://semarc/name/10784 773 0 $aRanelletti, Oreste$tIstituzioni di diritto pubblico.$dMilano : Giuffrè, 1954.$gParti2$w()24458 850 $aSeMil 852 $aSeMil$W1$xVenegono$y1$m3L IV 171$j148896$B148896$CSeMilBibl$Z2$F160310 $81 996 $6245$aOrdinamento costituzionale dello stato italiano ; Organi legislativi e governativi ; Loro funzioni ; La corte costituzionale$9(OLS)http://semarc/title/286563